Представление документа в формате MARC21

Поле Инд. ПП Название Значение
Тип записи a
Библиографический уровень a
001 Контрольный номер 213a02854fbd41eba5f918c63507eb83
005 Дата корректировки 20220224153904.8
040 a Служба первич. каталог. НБ ТвГУ
b Код языка каталог. rus
e Правила каталог. PSBO
041 0_ a Код языка текста rus
097 b Оператор Komarova.ES
100 1_ a Автор Тискин Александр Владимирович
q Полное имя Тискин А. В.
245 10 a Заглавие Алгоритмы на строках и их связь с абстрактной алгеброй
260 a Место издания Тверь
b Издательство Тверской государственный университет
504 a Библиография Библиогр.: с. 84 (2 назв.)
520 0_ a Аннотация Рассматриваются алгоритмическая задачи сравнения строк и приближенного поиска в строке и их взаимосвязь с тропической матричной алгеброй и нестандартной разновидностью классической группы кос. Использование этой взаимосвязи позволяет получить эффективные алгоритмы приближенного поиска для сжатых строк, динамически изменяющихся строк, а также эффективные параллельные алгоритмы для данных задач.
653 0_ a Ключевые слова Задачи
a Ключевые слова Динамика
a Ключевые слова Санкт-Петербург, город
a Ключевые слова Алгоритмы на строках
a Ключевые слова Сравнение строк
a Ключевые слова Моноид Гекке
773 18 w Контрольный № источника f93cd7c2cffb4b90a02951ff508e955d
t Название источника Математические основы информатики и информационно-коммуникационных систем"
d Место и дата издания Тверь : Тверской государственный университет, 2021
g Прочая информация С. 83-84
856 40 u URL http://megapro.tversu.ru/megaPro/UserEntry?Action=FindDocs&ids=5455304
x Примечание для ЭОР Справка УИС 2021
x Примечание для ЭОР Реестр суммарного учета сетевых локальных документов
i Дата подключения ЭОР 20211224
901 t Тип документа a
920 a Оператор Кома
954 b Дата поступления в ОК 20211221